000 00372cam a22001217a 4500
008 180718b xxu||||| |||| 00| 0 eng d
082 _aT16x54 In2v
245 _aVillage level worker and the cooperative movement
_cby Ram Chandra Tewari, translated by D.R. Goyal
260 _aNew Delhi
_bGovernment of India
_c
300 _aii, 61p
700 _aGoyal, D.R.
700 _aIndia.
999 _c496971
_d496971